00775 2200229 4500001002100000005001700021008004100038035002400079082001200103090002300115100001600138245015800154260002800312300003000340500008100370500002500451650003000476850000900506985000600515986000900521999001500530YOGYA-0209000007246120090227093627.0 ind  0010-020900000072461 a331.118 a331.118bDew AlSK aDEWININGRUM aAnalisa faktor-faktor yang mempengaruhi produktivitas tenaga kerja pada indutri genting di Sido Agung Kecamatan Godean Kabupaten Slemancoleh Dewiningrum aYogyakartab[s.n]c1996 axiii,88lembarbilusc30cm aSkripsi Jurusan ilmu ekonomi dan studi Pembangunan STIE Kerjasama Yogyakarta aBIbliografi:lembar84 aProduktvitas tenaga kerja aBPAD a1 aheru a08A0036493